Home Print Resources E-Books E-Journals IIMT Lecture Series Library Membership Form Book Recommendation Form Campus Tour Take AdmissionAbout Us Contact Us

A TEXTBOOK OF DISCRETE MATHEMATICS (Record no. 23495)

000 -LEADER
fixed length control field 00381nam a2200157Ia 4500
003 - CONTROL NUMBER IDENTIFIER
control field OSt
005 - DATE AND TIME OF LATEST TRANSACTION
control field 20260225160854.0
008 - FIXED-LENGTH DATA ELEMENTS--GENERAL INFORMATION
fixed length control field 170619s9999 xx 000 0 und d
040 ## - CATALOGING SOURCE
Transcribing agency IIMT ENGINEERING COLLEGE
100 ## - MAIN ENTRY--PERSONAL NAME
Personal name SARKAR, SWAPAN
245 #2 - TITLE STATEMENT
Title A TEXTBOOK OF DISCRETE MATHEMATICS
260 ## - PUBLICATION, DISTRIBUTION, ETC.
Name of publisher, distributor, etc. PEARSON EDU. DELHI
260 ## - PUBLICATION, DISTRIBUTION, ETC.
Date of publication, distribution, etc. 2013
546 ## - LANGUAGE NOTE
Language note ENGLISH
942 ## - ADDED ENTRY ELEMENTS (KOHA)
Source of classification or shelving scheme
Koha item type Book Bank
Holdings
Withdrawn status Lost status Source of classification or shelving scheme Damaged status Not for loan Home library Current library Date acquired Source of acquisition Cost, normal purchase price Total Checkouts Barcode Date last seen Price effective from Koha item type
          IIMT Engineering College-MCA IIMT Engineering College-MCA 06/23/2017 3 350.00   14-B-3658 06/23/2017 06/23/2017 Text-Book- for 7 days
          IIMT Engineering College-MCA IIMT Engineering College-MCA 06/23/2017 3 350.00   14-B-3659 06/23/2017 06/23/2017 Text-Book- for 7 days
          IIMT Engineering College-MCA IIMT Engineering College-MCA 06/23/2017 3 350.00   14-B-3660 06/23/2017 06/23/2017 Text-Book- for 7 days
          IIMT Engineering College-MCA IIMT Engineering College-MCA 06/23/2017 3 350.00   14-B-3661 06/23/2017 06/23/2017 Text-Book- for 7 days
          IIMT Engineering College-MCA IIMT Engineering College-MCA 06/23/2017 3 350.00   14-B-3662 06/23/2017 06/23/2017 Text-Book- for 7 days
          IIMT Engineering College-MCA IIMT Engineering College-MCA 06/23/2017 3 350.00   14-B-3663 06/23/2017 06/23/2017 Text-Book- for 7 days
          IIMT Engineering College-MCA IIMT Engineering College-MCA 06/23/2017 3 350.00   14-B-3664 06/23/2017 06/23/2017 Text-Book- for 7 days
          IIMT Engineering College-MCA IIMT Engineering College-MCA 06/23/2017 3 350.00   14-B-3665 06/23/2017 06/23/2017 Text-Book- for 7 days
          IIMT Engineering College-MCA IIMT Engineering College-MCA 06/23/2017 3 350.00   14-B-3666 06/23/2017 06/23/2017 Text-Book- for 7 days
          IIMT Engineering College-MCA IIMT Engineering College-MCA 06/23/2017 3 350.00   14-B-3667 06/23/2017 06/23/2017 Text-Book- for 7 days
IIMT, Central Library. All Rights Reserved IIMT,UNIVERSITY © 2023
Implemented and Customised by I CLOUDE EMS
You Are OPAC Visitor No
free web counter

Powered by Koha